| 000 | 00390nam a2200157Ia 4500 | ||
|---|---|---|---|
| 003 | 0STCL | ||
| 008 | 150530s9999 xx 000 0 und d | ||
| 040 |
_aSTCL _cSTCL |
||
| 100 | _aAscoli, F.D. | ||
| 245 | _aEarly revenue history of bengal and the fifth report 1812 | ||
| 260 |
_bClarendon press _c1917 |
||
| 546 | _aEnglish | ||
| 942 |
_2ddc _cBK |
||
| 999 |
_c8112 _d8112 |
||
| 005 | 20220125165501.0 | ||